000 02001cam a22004454i 4500
003 PE-LiUPU
005 20250731172726.0
008 150617s r 000 0 d
035 _a(Sirsi) a11309
040 _aPE-LiUPU
_bspa
_cPE-LiUPU
_erda
049 _aPRUA
082 0 4 _a211.4
_bV64
_221
100 1 _aVigouroux, F.,
_eautor.
245 1 4 _aLes livres saints, et la critique rationaliste :
_bHistoire et réfutation, des objetions des incrédules contre les Saintes Escritures.
_n4 /
_cF. Vigouroux.
264 1 _aParis :
_bEditeurs A. Roger F. Chernoviz,
_c1890.
300 _a658 páginas ;
_c22 cm.
336 _atext
_2rdacontent
337 _aunmediated
_2rdamedia
338 _avolume
_2rdacarrier
505 0 _aContenues dans le tome quatrième -- Live premier -- Le Pentateuque -- Unité de I'espèce humaine -- Les premiers hommes -- Le dèluge -- La dispersion des peuples après le déluge -- Les patriarches -- L'exode des Hèbreux -- La loi mosïque -- Livre second -- Les livres historiques de Josué aux Machabées -- Le livre de Josué -- Le livre des Juges -- Les livres des Rois et les Paralipomènes -- Tobie, Judith, Esther -- Les deux livres des Machabées -- Le premier livre des Machabées -- Le second livre des Machabées.
526 _aSEG42
526 _aSEG41
526 _aSEG40
526 _aSEG39
526 _aP94
526 _aP87
526 _aP86
526 _aP85
526 _aP77
526 _aP76
526 _aP35
630 0 4 _aBiblia
_xEvidencia, autoridad, etc.
910 _ajck
_bjvq
_cjck
_d20150616
942 _2ddc
_cBOOK
949 _a211.4 V64 4
_wDEWEY
_c1
_i14016
_lCCODEBUL1
_mBUL
_p00.00
_r0
_sY
_tBOOK
_u19750806
_xTEOLOGIA
_PP35
_0COMPRA
_o.STAFF. Colección General
994 _aC0
_bPEPRU
596 _a1
999 _a211.4 V64 4
_wDEWEY
_c1446
_i14016
_f2021-11-11
_g5
_lCCODEBUL1
_mBUL
_r0
_sY
_tBOOK
_u2015-6-17
_xTEOLOGIA
_PP35
_0COMPRA
_o.STAFF. Colección General
_d1446
980 _81
_gALBERTO SANCHEZ Responsable de Automatización